Deficits and the burden of national debt

Výška a vývoj celkového dlhu ekonomiky SR od roku 1993. Podiel dlhu na HDP vybraných krajín. Problém financovania dlhu. Matematická formulácia vzťahu daní a dlhu.

Saved in:
Bibliographic Details
Main Author: Husár, Jaroslav
Format: Book Chapter
Language:Slovak
Subjects:
Tags: Add Tag
No Tags, Be the first to tag this record!

MARC

LEADER 00000nla$a2200000$$$4500
001 0063471
005 20240502071730.1
041 0 |a slo 
044 |a SK 
245 1 0 |a Deficits and the burden of national debt  |c Jaroslav Husár 
520 |a Výška a vývoj celkového dlhu ekonomiky SR od roku 1993. Podiel dlhu na HDP vybraných krajín. Problém financovania dlhu. Matematická formulácia vzťahu daní a dlhu. 
610 2 0 |a dlhy 
610 2 0 |a financovanie 
610 2 0 |a deficit rozpočtový 
610 2 0 |a vláda 
610 2 0 |a zdaňovanie 
610 2 0 |a produkt domáci hrubý 
100 1 |a Husár, Jaroslav